Science Quiz

Random Science or Math Quiz
Score 0/81 Timer 02:00
1 Play Today
Decimal Equivalent % Correct
11
99.9%
22
98.3%
310
88%
411
87.6%
512
87.1%
721
84.8%
620
84.5%
822
84.4%
9100
79.8%
13111
79.1%
10101
77.9%
12110
76.8%
14112
76.3%
11102
76.2%
16121
76.2%
17122
75.5%
15120
75.1%
18200
74.2%
26222
72.7%
19201
72.7%
22211
72.6%
23212
72.3%
20202
72.1%
21210
72%
271000
71.4%
25221
70.9%
24220
70.2%
Decimal Equivalent % Correct
281001
67.4%
291002
65.4%
301010
65.2%
311011
64.3%
401111
63.9%
321012
62.4%
331020
61.1%
341021
60.4%
361100
60.3%
351022
59.7%
371101
58%
391110
57.8%
411112
56.5%
381102
56.2%
421120
52.8%
431121
52.7%
441122
52.3%
451200
52%
461201
49.5%
471202
47.9%
491211
47%
501212
46.8%
481210
46.7%
542000
45.3%
531222
44.3%
521221
43.1%
511220
42.7%
Decimal Equivalent % Correct
552001
39%
562002
37.4%
572010
35.3%
582011
33.5%
592012
33.1%
602020
30.1%
612021
28.7%
632100
28.3%
622022
28.2%
642101
25.7%
8110000
25.2%
652102
24.7%
672111
23.8%
802222
22.8%
662110
22.3%
682112
21.6%
702121
20.5%
692120
19.2%
722200
18.4%
712122
18.2%
732201
16.3%
742202
15.3%
792221
14.9%
762211
14.9%
752210
14.8%
782220
14.7%
772212
13.9%

You're not logged in!

Compare scores with friends on all Sporcle quizzes.
OR
Log In

Sporcle TV

Today on Sporcle TV


Watch our educational content, quiz creation guides, and fun videos on Sporcle TV.

Show Comments

Extras

Top Quizzes Today


Score Distribution

Paid Content

Your Account Isn't Verified!

In order to create a playlist on Sporcle, you need to verify the email address you used during registration. Go to your Sporcle Settings to finish the process.

Report this User

Report this user for behavior that violates our Community Guidelines.

Details: